000 00444nam a2200181Ia 4500
001 18894
003 IN-NITTTR
005 20251114233219.0
008 251113s9999||||xx |||||||||||||| ||eng||
040 _beng
040 _cIN-NITTTR
041 _aeng
082 _a005.74 J71L
100 _aJones, Paul E.
245 0 _aLogical data base design. /
_cJones, Paul E., Curtice, Robert M.
700 _a Curtice, Robert M.
942 _2ddc
_cBK
999 _c21528
_d21528